| 000 | 01136nam a2200181Ia 4500 | ||
|---|---|---|---|
| 008 | 220216s9999 xx 000 0 und d | ||
| 100 | _aNasar G M | ||
| 245 | 0 | _aInfluence of physical ageing on the electrical and swelling behaviour of ternary rubber vulcanisates | |
| 260 |
_bPolymer Degradation and Stability _c1995 |
||
| 300 | _a249-259 | ||
| 500 | _aSource Year: 1996 | ||
| 520 | _aThe effects of pre-annealing ageing time at 70 C on the electrical properties (resistivity) and swelling behaviour in kerosene of a triblock rubber based on the blends of NR with different concentration ratios of both SBR and BR, all incorporating 40phr of high abrasion furnace carbon black, were investigated. It was found that the interspacing distance between carbon particles or aggregates was greatly affected by physical ageing and also by the rubber ratios in the test specimens. The degree of swelling in kerosene was found to decrease with the physical ageing and butyl rubber content of the specimen. | ||
| 650 | _aPhysical ageing | ||
| 650 | _aTermary rubber vulcanisates | ||
| 700 | _aGoman A S | ||
| 856 | _uIRRDB | ||
| 942 | _cJS | ||
| 999 |
_c61284 _d61284 |
||